El legado griego : derecho, justicia y obediencia en las tragedias tebanas de Sófocles /
Guardado en:
| Autor Principal: | |
|---|---|
| Formato: | Libro |
| Idioma: | Undetermined |
| Publicado: |
Ciudad Autónoma de Buenos Aires :
Eudeba; Departamento de publicaciones UBA,
2020.
|
| Edición: | 1a. ed. |
| Series: | Serie Tesis
|
| Materias: | |
| Etiquetas: |
Agregar Etiqueta
Sin Etiquetas, Sea el primero en etiquetar este registro!
|
| LEADER | 00703nam a22002055a 4500 | ||
|---|---|---|---|
| 001 | DER.der014959 | ||
| 008 | 240312s2020####xx############000#0#und#d | ||
| 005 | 20240312101713.0 | ||
| 245 | 1 | 0 | |a El legado griego : |b derecho, justicia y obediencia en las tragedias tebanas de Sófocles / |c Eduardo Esteban Magoja. |
| 250 | |a 1a. ed. | ||
| 260 | |a Ciudad Autónoma de Buenos Aires : |b Eudeba; Departamento de publicaciones UBA, |c 2020. | ||
| 300 | |a 327 p. | ||
| 490 | 1 | |a Serie Tesis | |
| 020 | |a 9789502330402 | ||
| 100 | 1 | |a Magoja, Eduardo Esteban. | |
| 650 | 7 | |a DERECHO | |
| 650 | 7 | |a PODER POLITICO | |
| 650 | 7 | |a VERDAD, DERECHO Y JUSTICIA | |
| 650 | 7 | |a ARGUMENTACION | |
| 859 | |a DERECHO |b BIB. DERECHO |h 340.114 |i MAG |p 0010292 | ||
